| 000 | 00435nam a2200181Ia 4500 | ||
|---|---|---|---|
| 001 | 13423 | ||
| 005 | 20260306164800.0 | ||
| 008 | 260306t2007||||xx |||||||||||||| ||spa|| | ||
| 041 | _aESP | ||
| 082 |
_a004.04 _bS78 |
||
| 100 |
_aStamatellos, Giannis _eAUT |
||
| 245 | 0 |
_aComputer ethics: _ba global perspective |
|
| 260 | _c2007 | ||
| 300 |
_axi, 141 páginas : _c |
||
| 650 | _aGEN | ||
| 654 | _aCCC | ||
| 942 |
_cLIB _dJUS _fJUS _2ddc _n |
||
| 999 |
_c13423 _d13423 |
||